[Event "II Criciúma Chess Open - A1700 - 12-18"]
[Site "Criciúma SC"]
[Date "2024.01.14"]
[Round "4.23"]
[White "Medeiros, Thauane Ferreira"]
[Black "Lage, Pedro Ferreira"]
[Result "0-1"]
[WhiteElo "1842"]
[BlackElo "2100"]
[PlyCount "54"]
[EventDate "2024.01.12"]
[EventRounds "9"]
[EventCountry "BRA"]

1. d4 d5 2. Bf4 Nf6 3. e3 c5 4. Nf3 Nc6 5. Nbd2 cxd4 6. exd4 Bg4 7. c3 e6 8.
Bb5 ({RR} 8. Qb3 Qb6 9. Qxb6 axb6 10. Bb5 Nd7 11. a4 Be7 12. h3 Bh5 13. O-O O-O
14. Rfe1 Rfc8 15. Re3 h6 16. Rae1 Bg6 17. Rc1 Bd8 18. Ree1 Bc7 19. Bxc7 Rxc7
20. Nf1 Be4 21. N3d2 Nf6 22. Ne3 Na7 {Kramnik,V (2777)-Wojtaszek,R (2734)
Berlin 2015 1-0 (51)}) ({RR} 8. Qb3 Bd6 9. Qxb7 O-O 10. Ne5 Na5 11. Qa6 Qc7 12.
h3 Bf5 13. g4 Bg6 14. Nxg6 Bxf4 15. Nxf4 Qxf4 16. Qxa5 Ne4 17. O-O-O Nxf2 18.
Ba6 Nxd1 19. Rxd1 Qg3 20. Bf1 g5 21. Qa6 Kg7 22. Qe2 Rfc8 {Simonsen,C (2218)
-Jacobsen,M (2293) Copenhagen DEN 2021 1/2-1/2 (42)}) 8... Bd6 9. Bxd6 Qxd6 10.
Qa4 Bxf3 $146 ({RR} 10... O-O 11. Bxc6 bxc6 12. Ne5 Rfc8 13. Nxg4 Nxg4 14. h3
Nf6 15. O-O c5 16. Qa3 Qb6 17. dxc5 Rxc5 18. b4 Rc7 19. Rfc1 Rac8 20. Rc2 d4
21. c4 e5 22. c5 Qb5 23. Nc4 d3 24. Nd6 dxc2 25. Nxb5 {Desormes,O (1760)-Nal,P
(1654) Budapest 2011 1-0}) ({RR} 10... O-O 11. O-O Rfc8 12. Rfe1 a6 13. Bxc6
Qxc6 14. Qc2 Bf5 15. Qb3 Nd7 16. Nh4 Bg6 17. Nxg6 hxg6 18. Re3 Qb6 19. Qa3 Qc7
20. Rae1 Nb6 21. Rf3 Nc4 22. Nxc4 dxc4 23. Qa4 Rd8 24. Qc2 Rd5 25. Re4 {
Papp,C (2090)-Wallnoefer,H (1863) Seefeld 2003 0-1 (62)}) 11. Nxf3 O-O 12. O-O
Rfc8 13. Rfe1 a6 14. Bxc6 Rxc6 15. Ne5 Rc7 16. Re3 b5 17. Qd1 b4 18. Rc1 Rac8
19. Qb3 Ne4 20. f3 Nd2 21. Qd1 Nc4 22. Nxc4 Rxc4 23. Qb3 Rxd4 24. Rce1 Rd2 25.
Qxb4 Qxb4 26. cxb4 Rcc2 27. Rc3 Rxg2+ 0-1

[Event "II Criciúma Chess Open - A1700 - 12-18"]
[Site "Criciúma SC"]
[Date "2024.01.14"]
[Round "4.24"]
[White "Cardoso, Leandro Ubialli"]
[Black "Borger, David Lupovici"]
[Result "0-1"]
[WhiteElo "1842"]
[BlackElo "1899"]
[PlyCount "76"]
[EventDate "2024.01.12"]
[EventRounds "9"]
[EventCountry "BRA"]

1. e4 c5 2. Nf3 Nc6 3. Nc3 e5 4. Bc4 d6 5. Nd5 Nf6 6. d3 Be7 7. c3 O-O 8. Ne3 (
{RR} 8. a3 Nxd5 9. Bxd5 Bf6 10. b4 Ne7 11. Bb3 b6 12. Be3 Ng6 13. O-O Bb7 14.
Qb1 Rc8 15. Qa2 Rc7 16. Rfd1 h6 17. Nd2 Ne7 18. Nf1 Qc8 19. Bd2 Ba6 20. Be1 Bg5
21. Rab1 g6 22. b5 Bb7 {Gruenfeld,Y (2550)-Csom,I (2495) Tel Aviv 1988 1-0 (37)
}) ({RR} 8. Nxe7+ Qxe7 9. Bg5 h6 10. Bh4 Be6 11. Bb3 b5 12. O-O a5 13. h3 a4
14. Bc2 g6 15. Re1 Kg7 16. d4 cxd4 17. cxd4 Nb4 18. Bb1 Rfd8 19. Qd2 Na6 20.
Bd3 Bc4 21. Bxc4 bxc4 22. dxe5 dxe5 {Jensen,T (2083)-Syvertsen,R (1884)
Drammen NOR 2018 1-0 (38)}) 8... Rb8 9. a4 $146 ({RR} 9. Bb3 b5 10. O-O Na5 11.
Bc2 Re8 12. h3 Bf8 13. Nh2 d5 14. Qf3 dxe4 15. dxe4 Rb6 16. Bd2 Rd6 17. Rfd1
Be6 18. Nhf1 Nc4 19. Nxc4 Bxc4 20. Bg5 Bxf1 21. Kxf1 Ree6 22. a4 a6 23. Qe2 Qb8
{Horvath,T (2415)-Degenhardt,H (2350) Frankfurt 1990 1/2-1/2 (51)}) 9... a6 10.
O-O b5 11. axb5 axb5 12. Bb3 Na5 13. Bc2 Re8 14. d4 cxd4 15. cxd4 Nc6 16. Qd2
Bf8 17. Qc3 Qb6 18. Rd1 exd4 19. Nxd4 Bb7 20. f3 d5 21. e5 Nxd4 22. Qxd4 Qxd4
23. Rxd4 Bc5 24. Rd3 Rxe5 25. Bd2 Rbe8 26. Kf2 d4 27. Nf1 Bd5 28. b4 Re2+ 29.
Kg1 Bb6 30. Bd1 R2e6 31. Bb3 Bc4 32. Bxc4 bxc4 33. Rda3 c3 34. Bf4 Nd5 35. Bg3
Nxb4 36. Rb3 Nc2 37. Rab1 Bc5 38. Rb5 Na3 0-1

[Event "II Criciúma Chess Open - A1700 - 12-18"]
[Site "Criciúma SC"]
[Date "2024.01.14"]
[Round "4.25"]
[White "Spritzer, Abrao Rafael"]
[Black "Torella, Rodolfo"]
[Result "0-1"]
[WhiteElo "1811"]
[BlackElo "1878"]
[PlyCount "105"]
[EventDate "2024.01.12"]
[EventRounds "9"]
[EventCountry "BRA"]

1. e4 c5 2. Nf3 d6 3. d3 Nc6 4. g3 g6 5. Bg2 Bg7 6. O-O e6 7. Qe2 Nge7 8. c3
O-O 9. Rd1 Rb8 10. d4 cxd4 11. cxd4 d5 12. e5 Nf5 $146 ({RR} 12... Bd7 13. Bg5
h6 14. Bf4 Rc8 15. Nc3 a6 16. Rac1 b5 17. b3 Qb6 18. Qd2 Kh7 19. h4 Na7 20. g4
b4 21. Ne2 a5 22. Ne1 Bb5 23. Nd3 Qa6 24. Qe3 Bxd3 25. Rxd3 Rxc1+ 26. Nxc1 Rc8
27. Bf1 {Chahrani,I (2312)-Abdul,M (2293) Doha 2002 1/2-1/2 (57)}) 13. Nc3 b5
14. b3 Qa5 15. Qb2 Ba6 16. g4 Nfe7 17. Bf4 Rfc8 18. Rac1 Rb7 19. Bf1 Nb8 20.
Bg5 h6 21. Be3 Nd7 22. Ne2 Nc6 23. Bd2 b4 24. Ng3 Bxf1 25. Nxf1 Rbc7 26. Ne1
Qb6 27. Be3 Kh7 28. Nd3 Bf8 29. Ng3 a5 30. Ne2 Na7 31. Rxc7 Rxc7 32. Rc1 Nb5
33. Rxc7 Qxc7 34. Bd2 Nb8 35. Qc1 Qxc1+ 36. Ndxc1 Nc6 37. Be3 Be7 38. Kf1 f6
39. f4 g5 40. exf6 Bxf6 41. fxg5 hxg5 42. Nd3 Ncxd4 43. Nxd4 Nxd4 44. Nc5 Nc2
45. Bd2 e5 46. Nb7 e4 47. Ke2 Kg6 48. Nxa5 d4 49. Nc4 d3+ 50. Kd1 Bd4 51. Nd6
e3 52. Nc4 e2+ 53. Kc1 0-1

[Event "II Criciúma Chess Open - A1700 - 12-18"]
[Site "Criciúma SC"]
[Date "2024.01.15"]
[Round "5.1"]
[White "Hoffman, Alejandro"]
[Black "Quintiliano Pinto, Renato R."]
[Result "1/2-1/2"]
[WhiteElo "2358"]
[BlackElo "2493"]
[PlyCount "74"]
[EventDate "2024.01.12"]
[EventRounds "9"]
[EventCountry "BRA"]

1. d4 d5 2. c4 c6 3. Nf3 Nf6 4. e3 Bf5 5. Nc3 e6 6. Bd3 Bxd3 7. Qxd3 Nbd7 8.
O-O Bb4 9. Bd2 Ba5 ({RR} 9... Be7 10. Rfd1 O-O 11. e4 dxe4 12. Nxe4 a5 13. h3
a4 14. Bc3 Nxe4 15. Qxe4 Nf6 16. Qe2 Re8 17. Ne5 Nd7 18. Ng4 Nf6 19. Ne5 Nd7
20. d5 exd5 21. cxd5 Bf6 22. dxc6 bxc6 23. Qg4 Bxe5 24. Rxd7 {Chernin,A (2572)
-Anand,V (2762) Bastia 2000 1/2-1/2}) 10. a3 O-O 11. Rfd1 $146 ({RR} 11. b4 Bc7
12. e4 dxc4 13. Qxc4 e5 14. Bg5 h6 15. Bxf6 Qxf6 16. d5 Nb6 17. Qb3 cxd5 18.
Nxd5 Nxd5 19. Qxd5 b6 20. Rac1 Rad8 21. Qc6 Qxc6 22. Rxc6 Bb8 23. Rfc1 Rd3 24.
R6c3 Rxc3 25. Rxc3 Rd8 {Zubarev,A (2515)-Ivanov,A (2398) Obninsk 2007 1/2-1/2 
(36)}) ({RR} 11. b4 Bc7 12. e4 dxc4 13. Qxc4 e5 14. Be3 exd4 15. Bxd4 Ng4 16.
Rad1 Qe7 17. h3 Nde5 18. Nxe5 Nxe5 19. Qe2 Rfd8 20. Bc5 Qf6 21. f4 Rxd1 22.
Nxd1 Ng6 23. g3 Nf8 24. Nf2 a5 25. b5 Qc3 {Cuenca Jimenez,J (2552)-Kobalia,M 
(2596) Warsaw POL 2021 0-1 (42)}) 11... Re8 12. Be1 a6 13. Rac1 Rc8 14. b3 Qe7
15. Nxd5 exd5 16. Bxa5 Qxa3 17. Be1 Qe7 18. h3 h6 19. Nh2 Red8 20. c5 Re8 21.
Nf1 Nf8 22. f3 Ng6 23. Bf2 Nh7 24. Qf5 Nh4 25. Qg4 Ng6 26. Ng3 Nf6 27. Qf5 Nh4
28. Qd3 Nh7 29. Nf5 Nxf5 30. Qxf5 Ng5 31. Re1 Ne6 32. Bg3 Qd7 33. Qd3 Rcd8 34.
Bd6 Nc7 35. Rc2 Nb5 36. Bg3 Re6 37. Rce2 Ree8 1/2-1/2

[Event "II Criciúma Chess Open - A1700 - 12-18"]
[Site "Criciúma SC"]
[Date "2024.01.15"]
[Round "5.2"]
[White "Di Berardino, Diego Rafael"]
[Black "Filgueiras, Nathan Felipe"]
[Result "1-0"]
[WhiteElo "2480"]
[BlackElo "2321"]
[PlyCount "173"]
[EventDate "2024.01.12"]
[EventRounds "9"]
[EventCountry "BRA"]

1. d4 d5 2. c4 c6 3. Nf3 Nf6 4. Nc3 e6 5. Bg5 h6 6. Bxf6 Qxf6 7. e3 Bd6 8. Bd3
Qe7 9. O-O Nd7 10. Re1 ({RR} 10. cxd5 exd5 11. Qc2 Nf6 12. h3 O-O 13. Rac1 Bd7
14. Na4 Ne4 15. Nc5 Nxc5 16. dxc5 Bc7 17. b4 a5 18. a3 axb4 19. axb4 Qf6 20.
Nd4 Ra3 21. Bh7+ Kh8 22. Bf5 Qe5 23. g3 Bxf5 24. Nxf5 Rfa8 {Lupulescu,C (2649)
-Fedoseev,V (2681) Riga LAT 2019 0-1 (54)}) ({RR} 10. cxd5 cxd5 11. e4 dxe4 12.
Nxe4 O-O 13. Re1 Bb4 14. Re2 Nf6 15. a3 Ba5 16. Nxf6+ Qxf6 17. Bc2 Rd8 18. Qd3
g6 19. Re4 Bd7 20. Qe3 Rac8 21. Bd3 Bc6 22. Rf4 Qg7 23. Ne5 Be8 24. h4 Bb6 {
Roehr,T (2103)-Doerp,M (1767) Braunschweig GER 2019 1-0 (36)}) 10... dxc4 11.
Bxc4 O-O 12. Qc2 $146 ({RR} 12. Bb3 e5 13. Qd3 Re8 14. Bc2 Nf8 15. Nxe5 {
1/2-1/2 (15) Czerwonski,A (2410)-Soln,P (2330) Litomysl 1996}) 12... e5 13. Ne4
Bc7 14. Bb3 Nf6 15. h3 exd4 16. exd4 Nxe4 17. Rxe4 Qf6 18. Qe2 Bd6 19. Ne5 Bf5
20. Re3 c5 21. Rf3 cxd4 22. Nxf7 Rxf7 23. g4 d3 24. Qe3 Qxb2 25. Bxf7+ Kh8 26.
Rd1 Bh7 27. Bc4 Qc2 28. Bb3 Qb2 29. Rf7 Bg6 30. Rxb7 Re8 31. Bf7 Rxe3 32. Rxb2
Re2 33. Bxg6 Rxb2 34. Rxd3 Rb6 35. Kg2 Kg8 36. Re3 Bf8 37. Bc2 g5 38. Rc3 Bd6
39. Rc8+ Kg7 40. Bb3 Rb8 41. Rc3 Rf8 42. Rc6 Be5 43. Re6 Bf6 44. Bc2 Rf7 45.
Ra6 Rc7 46. Bf5 Rb7 47. Kf3 Re7 48. a4 Rb7 49. a5 Re7 50. Rc6 Kf7 51. a6 Kg7
52. Be4 Kf7 53. Ke3 Kg7 54. f4 gxf4+ 55. Kxf4 Bg5+ 56. Kf3 Rf7+ 57. Ke2 Rf6 58.
Rc7+ Rf7 59. Rc5 Rf6 60. Bd3 Re6+ 61. Kd1 Re7 62. Rc6 Rf7 63. Kc2 Rf6 64. Rc7+
Rf7 65. Rc5 Be3 66. Re5 Bf4 67. Rb5 Be3 68. h4 Bf2 69. h5 Be3 70. Kb3 Re7 71.
Bf5 Kf6 72. Rd5 Kf7 73. Rd6 Bf4 74. Rc6 Be3 75. Kc4 Bf4 76. Rg6 Bc1 77. Kd5 Re1
78. Be6+ Kf8 79. Rg8+ Ke7 80. Rg7+ Kf6 81. Rf7+ Kg5 82. Rxa7 Be3 83. Rg7+ Kh4
84. Bf5 Ra1 85. Rg6 Ra4 86. Re6 Bf2 87. Rxh6 1-0

[Event "II Criciúma Chess Open - A1700 - 12-18"]
[Site "Criciúma SC"]
[Date "2024.01.15"]
[Round "5.3"]
[White "Gemy, Jose Daniel"]
[Black "Languidey, Simon Alejandro"]
[Result "1/2-1/2"]
[WhiteElo "2329"]
[BlackElo "2402"]
[PlyCount "21"]
[EventDate "2024.01.12"]
[EventRounds "9"]
[EventCountry "BRA"]

1. e4 e5 2. Nf3 Nc6 3. Bc4 Bc5 4. c3 Nf6 5. d3 d6 6. Nbd2 O-O 7. O-O a6 8. Bb3
h6 9. h3 Ba7 10. Re1 Be6 11. Nf1 1/2-1/2

[Event "II Criciúma Chess Open - A1700 - 12-18"]
[Site "Criciúma SC"]
[Date "2024.01.15"]
[Round "5.4"]
[White "Piccoli, Lucas Fonseca"]
[Black "Matsuura, Everaldo"]
[Result "1/2-1/2"]
[WhiteElo "2263"]
[BlackElo "2410"]
[PlyCount "71"]
[EventDate "2024.01.12"]
[EventRounds "9"]
[EventCountry "BRA"]

1. e4 c5 2. Nf3 a6 3. c4 e6 4. d4 cxd4 5. Nxd4 Nf6 6. Bd3 Nc6 7. Nxc6 dxc6 8.
O-O e5 9. h3 ({RR} 9. Kh1 Bc5 10. Nc3 Ng4 11. f3 Nxh2 {0-1 (11) Lederman,L 
(2346)-Smirin,I (2702) Israel 2002}) ({RR} 9. Be3 Be6 10. f3 Nd7 11. Qe2 Bc5
12. Nc3 a5 13. b3 Qb6 14. Rfe1 Bxe3+ 15. Qxe3 Qxe3+ 16. Rxe3 Nc5 17. Rd1 O-O-O
18. Kf2 Rd6 19. Ke2 Rhd8 20. Bc2 f6 21. h4 h5 22. Ke1 Kc7 23. Re2 Rxd1+ {
Novikov,E (2276)-Quirke,J (2086) chess.com INT 2022 1-0 (63)}) 9... Bc5 10. Qe2
Be6 11. Nd2 Nd7 $146 ({RR} 11... Bd4 12. Nb3 c5 13. Nxd4 cxd4 14. f4 Qc7 15.
fxe5 Nd7 16. Bf4 O-O 17. Qh5 a5 18. Rf3 a4 19. Raf1 Ra5 20. Rg3 g6 21. Rg5 Nxe5
22. Qh6 f6 23. Bxe5 Rxe5 24. Rxe5 Qxe5 25. Qd2 Qc5 26. b4 {Hlavac,R (2136)
-Langner,L (2387) Tatranske Zruby 2001 1/2-1/2 (41)}) 12. Nb3 Bb6 13. Be3 a5
14. c5 Bxb3 15. cxb6 Be6 16. Rfd1 O-O 17. Bc4 Qe7 18. Bxe6 Qxe6 19. Qg4 Qxg4
20. hxg4 Rfd8 21. Rd2 Kf8 22. Rad1 Ke8 23. Kf1 Nf8 24. Ke2 Ne6 25. Rxd8+ Rxd8
26. Rxd8+ Kxd8 27. Kd3 Kd7 28. Kc4 Kd6 29. g3 c5 30. Bd2 a4 31. Kb5 Nd4+ 32.
Kxa4 Kc6 33. Ka5 f6 34. g5 f5 35. exf5 Nxf5 36. Bc3 1/2-1/2

[Event "II Criciúma Chess Open - A1700 - 12-18"]
[Site "Criciúma SC"]
[Date "2024.01.15"]
[Round "5.5"]
[White "Silva, Kaua Marques"]
[Black "Umetsubo, Cesar Hidemitsu"]
[Result "1/2-1/2"]
[WhiteElo "2142"]
[BlackElo "2349"]
[PlyCount "72"]
[EventDate "2024.01.12"]
[EventRounds "9"]
[EventCountry "BRA"]

1. e4 c6 2. d4 d5 3. Nc3 dxe4 4. Nxe4 Bf5 5. Ng3 Bg6 6. Nf3 Nd7 7. h4 h6 8. h5
Bh7 9. Bd3 Bxd3 10. Qxd3 e6 11. Bd2 Ngf6 12. O-O-O Be7 13. Kb1 O-O 14. Ne4 Nxe4
15. Qxe4 Nf6 16. Qe2 Qd5 17. Ne5 Qe4 18. Qxe4 Nxe4 19. Be3 Rfd8 20. g4 c5 21.
f3 cxd4 22. Bxd4 Bc5 23. Bxc5 Nxc5 24. c4 a5 25. Kc2 f6 26. Ng6 Kf7 27. b3 b6
$146 ({RR} 27... Rac8 28. a3 e5 29. b4 Ne6 30. Rxd8 Rxd8 31. Kc3 axb4+ 32. axb4
Ra8 33. Nh4 Nd4 34. c5 Ke6 35. Kc4 Ra2 36. Nf5 Rc2+ 37. Kd3 Rf2 38. Nxd4+ exd4
39. Kxd4 Rxf3 40. Re1+ Kd7 41. Ke4 Rf2 42. Rd1+ {Chalmeta Ugas,R (2269)-Juan
Bartroli,P (2229) Sant Boi 2016 1-0 (57)}) 28. a3 e5 29. Rxd8 Rxd8 30. b4 Ne6
31. bxa5 bxa5 32. Rb1 Nd4+ 33. Kc3 Ne2+ 34. Kc2 Nd4+ 35. Kc3 Ne2+ 36. Kc2 Nd4+
1/2-1/2

[Event "II Criciúma Chess Open - A1700 - 12-18"]
[Site "Criciúma SC"]
[Date "2024.01.15"]
[Round "5.6"]
[White "Contin, Daniel"]
[Black "Perdomo, Leandro"]
[Result "1/2-1/2"]
[WhiteElo "2203"]
[BlackElo "2382"]
[PlyCount "92"]
[EventDate "2024.01.12"]
[EventRounds "9"]
[EventCountry "BRA"]

1. c4 g6 2. Nc3 Bg7 3. g3 c5 4. Bg2 Nc6 5. a3 e5 6. b4 d6 7. Rb1 Nge7 8. d3 O-O
9. Nf3 ({RR} 9. e3 f5 10. Nge2 g5 11. b5 Nb8 12. f4 gxf4 13. exf4 Nd7 14. O-O
Nf6 15. Kh1 Kh8 16. Be3 Qc7 17. a4 Rb8 18. a5 b6 19. a6 Be6 20. Qc2 Rbd8 21.
Rbe1 Qd7 22. Bc1 e4 23. dxe4 Bxc4 {Kasparov,G (2851)-Wendt,R (2332) Frankfurt
2000 1/2-1/2 (45)}) 9... Rb8 10. O-O h6 11. Nd2 $146 ({RR} 11. b5 Nd4 12. Ne1
b6 13. Nc2 f5 14. f4 Nxc2 15. Qxc2 Be6 16. Nd5 Nxd5 17. cxd5 Bd7 18. fxe5 dxe5
19. Qc4 Kh7 20. Bd2 Qe7 21. Bc3 Qd6 22. a4 Rf7 23. Rf2 Rbf8 24. Rbf1 h5 25. Bd2
Bh6 {Lauvsnes,A (2220)-Manor,I (2405) Berlin West 1986 1-0 (40)}) 11... cxb4
12. axb4 e4 13. b5 Na5 14. Qc2 exd3 15. exd3 Nf5 16. Nf3 g5 17. h3 Be6 18. g4
Ne7 19. Be3 f5 20. Bxa7 fxg4 21. hxg4 Bxg4 22. Nh2 Ra8 23. Nxg4 Rxa7 24. Nd5 b6
25. Qe2 Nxd5 26. Bxd5+ Kh8 27. Rfe1 h5 28. Kg2 Qc8 29. Rh1 h4 30. Rhe1 Re7 31.
Qxe7 Qxg4+ 32. Kf1 Qh3+ 33. Bg2 Qxd3+ 34. Qe2 Qxc4 35. Rbd1 Be5 36. Rd3 g4 37.
Qd2 Rf4 38. Re4 Nb3 39. Qe3 Qxb5 40. Rxe5 dxe5 41. Bd5 e4 42. Bxe4 Rxe4 43.
Qh6+ Kg8 44. Qg6+ Kf8 45. Qh6+ Kg8 46. Qg6+ Kf8 1/2-1/2

[Event "II Criciúma Chess Open - A1700 - 12-18"]
[Site "Criciúma SC"]
[Date "2024.01.15"]
[Round "5.7"]
[White "Do Valle Cardoso, Lucas"]
[Black "Librelato, Kathie Goulart"]
[Result "0-1"]
[WhiteElo "2392"]
[BlackElo "2170"]
[PlyCount "78"]
[EventDate "2024.01.12"]
[EventRounds "9"]
[EventCountry "BRA"]

1. d4 d5 2. Bf4 c5 3. e3 Nc6 4. c3 Nf6 5. Nf3 Qb6 6. Qc2 g6 7. Nbd2 Nh5 ({RR} 
7... Bf5 8. dxc5 Qxc5 9. Qb3 Na5 10. Qa4+ Bd7 11. Qc2 Nc6 12. Nb3 Qb6 13. a4 a6
14. a5 Qa7 15. Be2 Bg7 16. h3 O-O 17. O-O Rac8 18. Nbd4 Qc5 19. Rfc1 e6 20. b4
Qe7 21. Qb3 Ne4 22. Bh2 {Bluebaum,M (2639)-Grischuk,A (2775) chess.com INT
2021 1-0 (66)}) ({RR} 7... Bf5 8. Qb3 c4 9. Qxb6 axb6 10. h3 h5 11. Ne5 ({RR} 
11. Be2 b5 12. O-O Bg7 13. Ne1 b4 14. a4 b5 15. a5 O-O 16. Bc7 Ra6 17. cxb4
Nxb4 18. f3 Rfa8 19. g4 Be6 20. Ng2 Bh6 21. Rfc1 Nc6 22. Ra2 Nb8 23. Bf4 g5 24.
Bg3 hxg4 25. hxg4 Rxa5) ({RR} 11. a3 b5 12. Rc1 Bg7 13. Be2 Nd7 14. O-O e5 15.
dxe5 Ndxe5 16. Nxe5 Bxe5 17. Bxe5 Nxe5 18. Nf3 Nxf3+ 19. Bxf3 O-O-O 20. Rfd1
Bd3 21. Rd2 Rhe8 22. Rcd1 Kc7 23. Be2 Bxe2 24. Rxe2 Re5 25. Rd4 Kb6) 11... Nxe5
12. Bxe5 Rg8 13. Bxf6 exf6 14. g3 b5 15. Bg2 Be6 16. e4 dxe4 17. Nxe4 Be7 18.
O-O Rd8 19. Rfe1 Kf8 20. Re2 f5 21. Nd2 Bd5 22. Re5 {Arnosti,M (1525)-Moura,B 
(1327) Florianopolis 2024 1/2-1/2 (33)}) 8. Bg5 f6 $146 ({RR} 8... h6 9. Bh4 g5
10. Bg3 Nxg3 11. hxg3 Bg7 12. a4 cxd4 13. exd4 Bd7 14. Nb3 Qc7 15. Nc5 Nxd4 16.
cxd4 b6 17. Bb5 bxc5 18. Bxd7+ Qxd7 19. dxc5 Qe6+ 20. Kf1 Qf6 21. Rb1 O-O 22.
b4 e5 23. Rd1 {Rathbone-Jones,I (1884)-Richter,N (2277) Tornelo INT 2021 0-1 
(31)}) ({RR} 8... h6 9. Bh4 g5 10. Bg3 Nxg3 11. hxg3 Bg7 12. a4 cxd4 13. exd4
Bd7 14. Nb3 Qc7 15. Nc5 Nxd4 16. cxd4 b6 17. Bb5 bxc5 18. Bxd7+ Qxd7 19. dxc5
Qe6+ 20. Kf1 Qf6 21. Rb1 O-O 22. b4 e5 23. Rd1 {Rathbone-Jones,I (1884)
-Richter,N (2277) Tornelo INT 2021 0-1 (31)}) 9. Bh4 cxd4 10. exd4 Bh6 11. Qb3
Qa5 12. Bg3 O-O 13. Bb5 a6 14. Bxc6 bxc6 15. O-O Bf5 16. Qd1 Nxg3 17. hxg3 Qc7
18. Re1 Rfe8 19. b4 a5 20. Nb3 axb4 21. cxb4 Ra3 22. Qe2 Qb6 23. Nh4 Bc8 24.
Qc2 Kf7 25. Rab1 Qxb4 26. Qxc6 Qc4 27. Nc5 Bg4 28. Rb7 Bf8 29. Nf3 Rxa2 30. Re6
Bxe6 31. Qxe6+ Kg7 32. g4 Qc1+ 33. Kh2 Qf4+ 34. Kh3 Ra1 35. Ne1 Qxf2 36. Ncd3
Qxd4 37. Rd7 Qe4 38. Qxd5 Rxe1 39. Qb5 Rh1+ 0-1

[Event "II Criciúma Chess Open - A1700 - 12-18"]
[Site "Criciúma SC"]
[Date "2024.01.15"]
[Round "5.8"]
[White "Bueno, Alfeu Junior Varela"]
[Black "Terao, Juliana Sayumi"]
[Result "0-1"]
[WhiteElo "2156"]
[BlackElo "2198"]
[PlyCount "76"]
[EventDate "2024.01.12"]
[EventRounds "9"]
[EventCountry "BRA"]

1. e4 c5 2. Nc3 e6 3. f4 a6 4. g3 b5 5. Bg2 Bb7 6. d3 b4 7. Nb1 d5 ({RR} 7...
g6 8. Nf3 Bg7 9. O-O Ne7 10. a3 a5 11. Be3 d6 12. c3 bxc3 13. Nxc3 O-O 14. d4
cxd4 15. Nxd4 Nbc6 16. Ndb5 Ba6 17. a4 Nb4 18. Qd2 d5 19. exd5 Nexd5 20. Nxd5
Nxd5 21. Bxd5 exd5 22. Bd4 {Zvjaginsev,V (2674)-Sasikiran,K (2661)
Khanty-Mansiysk 2007 1/2-1/2 (36)}) 8. Qe2 ({RR} 8. e5 Ne7 9. c3 a5 10. Nf3 Nf5
11. O-O h5 12. Re1 Qb6 13. Nbd2 Be7 14. Nf1 a4 15. a3 b3 16. Ne3 g6 17. Qe2 Ba6
18. Qd1 Nc6 19. Nxf5 gxf5 20. h3 O-O-O 21. Kh2 Rdg8 22. h4 Rg7 {Gitu,P (2113)
-Brunello,M (2354) chess.com INT 2021 1/2-1/2 (37)}) 8... Nc6 9. Nf3 Nge7 $146
({RR} 9... Nf6 10. e5 Ng8 11. O-O Nge7 12. Be3 Nf5 13. Bf2 h5 14. Nbd2 Rc8 15.
c3 a5 16. h3 Be7 17. g4 hxg4 18. hxg4 Nh4 19. Nxh4 Bxh4 20. Nf3 Bxf2+ 21. Rxf2
Kd7 22. Qe3 Qe7 23. f5 Kc7 24. cxb4 {Page,M (2117)-Abdulla,M (2126) Perth 2017
1-0 (87)}) 10. Be3 dxe4 11. dxe4 Nd4 12. Bxd4 cxd4 13. Nbd2 Nc6 14. Nb3 Qb6 15.
O-O-O Rd8 16. Qc4 Be7 17. Nfxd4 O-O 18. Rd2 Rc8 19. Nxc6 Bxc6 20. Qd4 Qc7 21.
Qc4 Qb6 22. Qd4 Qc7 23. e5 Bxg2 24. Rxg2 a5 25. Kb1 a4 26. Nc1 Rfd8 27. Qe4 a3
28. c3 axb2 29. Kxb2 Qa7 30. Kb1 Rxc3 31. Qe2 Bc5 32. Rd1 Ra8 33. Qd2 h6 34.
Qd7 Qa6 35. a4 bxa3 36. Rd3 a2+ 37. Ka1 Qa3 38. Ne2 Qb2+ 0-1

[Event "II Criciúma Chess Open - A1700 - 12-18"]
[Site "Criciúma SC"]
[Date "2024.01.15"]
[Round "5.9"]
[White "Do Nascimento, Christian Almeida"]
[Black "Rodi, Luis Ernesto"]
[Result "1/2-1/2"]
[WhiteElo "2123"]
[BlackElo "2196"]
[PlyCount "87"]
[EventDate "2024.01.12"]
[EventRounds "9"]
[EventCountry "BRA"]

1. d4 {Gurevich,M} f5 2. c4 Nf6 3. Nc3 d6 4. Nf3 g6 5. g3 Bg7 6. Bg2 O-O 7. O-O
Qe8 8. Re1 Qf7 9. b3 Ne4 10. Bb2 Nc6 ({RR} 10... Nxc3 11. Bxc3 Nc6 12. Rc1 e5
13. d5 Nd8 14. c5 Qe7 15. cxd6 cxd6 16. Bb4 Nf7 17. Nd2 a5 18. Bc3 b5 19. Rc2
Bd7) 11. e3 ({RR} 11. Rc1 e5 12. d5 Nb4 13. a3 Nxc3 14. Rxc3 ({RR} 14. Bxc3 Na2
) 14... Na6 15. b4 e4 ({RR} 15... Qe7) 16. Nd4 Bd7 17. f3 ({RR} 17. Rc1 c5 18.
dxc6 bxc6 19. Qd2 ({RR} 19. Qa4 Nc7 20. Qa5 Rfc8) 19... Nc7) 17... c5 ({RR} 
17... f4 18. fxe4 fxg3 19. Rxg3) 18. dxc6 bxc6 19. fxe4 fxe4 20. Rf1 Qe7 21.
Nc2 Rxf1+ ({RR} 21... Bxc3 22. Rxf8+ Rxf8 23. Bxc3) 22. Qxf1 Rf8 23. Qe1 Nc7
24. Rb3 Bxb2 25. Rxb2 Ne6 {Eljanov,P (2663)-Gurevich,M (2652) Khanty-Mansiysk
2005 CBM 111 [Gurevich,M] 0-1 (40)} {RR} 26. Bxe4 Ng5 27. Bg2 Bh3 28. e4 ({RR} 
28. Bxh3 Nxh3+ 29. Kg2 Qe5 30. Rb3 Rf2+ 31. Kxh3 Qh5#) 28... Nf3+) 11... h6 ({
RR} 11... e5 12. Qe2 Nxc3 13. Bxc3 e4 14. Ng5 Qe7 15. Nh3 g5 16. f4 exf3 17.
Bxf3 f4 18. Bd5+ Kh8 19. Qh5 Bxh3 20. exf4 Qd7 21. fxg5 Qg4 22. Qxg4 Bxg4 23.
Re4 Bf3 24. Bxc6 bxc6 25. Re7 c5 26. Rxc7 {Hart,A (1918)-Strelnikov,S (2357)
Voronezh 2017 0-1 (35)}) 12. Nd2 $146 ({RR} 12. Qe2 Nxc3 13. Bxc3 e5 14. dxe5
dxe5 15. Qb2 e4 16. Bxg7 Qxg7 17. Qxg7+ Kxg7 18. Nd4 Ne5 19. Red1 c6 20. Rd2 a5
21. Rc1 Rd8 22. Rdd1 Kf6 23. Bf1 Be6 24. Nxe6 Kxe6 25. Be2 c5 26. Rxd8 Rxd8 {
Ertl,D (1690)-Todor,R (2186) Passau 1999 0-1 (38)}) ({RR} 12. Qe2 Nxc3 13. Bxc3
e5 14. dxe5 dxe5 15. Qb2 e4 16. Ne5 Qf6 17. Nxc6 Qxc3 18. Ne7+ Kh7 19. Qa3 Be6
20. Nd5 Bxd5 21. cxd5 Qe5 22. Rac1 Rfd8 23. Qb4 Rab8 24. Red1 Rd7 25. Bf1 a6
26. Bxa6 Bf8 {Brechelt,D-Proettel,S Germany 1995 1-0 (40)}) ({RR} 12. Qe2 Nxc3
13. Bxc3 e5 14. dxe5 dxe5 15. Qb2 Re8 16. Rad1 e4 17. Nd4 Ne5 18. f4 exf3 19.
Nxf3 Ng4 20. Nd4 c6 21. Rd3 Bd7 22. e4 f4 23. Rf3 g5 24. gxf4 gxf4 25. Qc1 Rf8
26. Ref1 Qh5 {Andersen,S-Alkaersig,O (2260) Aarhus 1992 0-1 (38)}) 12... Nxc3
13. Bxc3 Kh7 14. b4 e5 15. d5 Ne7 16. Qb3 g5 17. Rac1 f4 18. exf4 gxf4 19. c5
Bg4 20. cxd6 cxd6 21. Ne4 Rad8 22. gxf4 Nxd5 23. fxe5 dxe5 24. Bd2 Be6 25. Qc2
Kh8 26. a3 Nf4 27. Bxf4 exf4 28. f3 Bb3 29. Qe2 Bd4+ 30. Kh1 Qg7 31. Nc5 Bd5
32. Ne6 Bxe6 33. Qxe6 Rg8 34. Qh3 Rd6 35. Rc8 Be3 36. Rxg8+ Qxg8 37. Qf5 Rd5
38. Qf6+ Qg7 39. Qe6 Rd8 40. Bh3 Rg8 41. Qg4 Rd8 42. Qe6 Qg5 43. Bf5 Qg7 44.
Bh3 1/2-1/2